[Event "Galapagar op 09th"]
[Site "Galapagar"]
[Date "2008.07.21"]
[Round "3"]
[White "Martinez Alvarez, Carlos"]
[Black "Anton Veiga, Juan Carlos"]
[Result "0-1"]
[WhiteElo "1902"]
[BlackElo "2153"]
[PlyCount "96"]
[EventDate "2008.07.19"]
[EventType "swiss"]
[EventRounds "9"]
[EventCountry "ESP"]
[SourceTitle "EXT 2009"]
[Source "ChessBase"]
[SourceDate "2008.11.26"]
[SourceVersion "1"]
[SourceVersionDate "2008.11.26"]
[SourceQuality "1"]

1. e4 c5 2. Nf3 e6 3. Nc3 Nc6 4. d4 cxd4 5. Nxd4 a6 6. Be3 Nge7 7. Bd3 Nxd4 8. Bxd4 Nc6 9. Be3 Qc7 10. a3 b5 11. f4 Na5 12. 0-0 Nc4 13. Bxc4 Qxc4 14. Qd4 Qxd4 15. Bxd4 Bb7 16. Rad1 Rc8 17. Rf2 Rc4 18. Rfd2 Rxd4 19. Rxd4 Bc5 20. Kf1 Bxd4 21. Rxd4 Ke7 22. a4 Rc8 23. g3 Rc5 24. Ke2 d6 25. Ke3 g5 26. axb5 gxf4+ 27. gxf4 axb5 28. Rd2 Rc4 29. Rd4 Rc5 30. Rd2 Rh5 31. Re2 Rh3+ 32. Kd4 b4 33. Nd1 f6 34. e5 fxe5+ 35. fxe5 Rh4+ 36. Ke3 dxe5 37. Rf2 Rd4 38. Ke2 Ba6+ 39. Ke1 Rf4 40. Kd2 Kd6 41. Ke3 Rf5 42. Rd2+ Ke7 43. Nf2 Bb7 44. Nd3 Rh5 45. Rf2 Rh3+ 46. Ke2 Ba6 47. Kd2 e4 48. Nf4 e3+ 0-1

[Event "Moratalaz op 19th"]
[Site "Madrid"]
[Date "2006.09.21"]
[Round "4"]
[White "Anton Veiga, Juan Carlos"]
[Black "Algaba Traspuesto, Jose Antonio"]
[Result "1-0"]
[WhiteElo "2144"]
[BlackElo "1849"]
[PlyCount "63"]
[EventDate "2006.09.18"]
[EventType "swiss"]
[EventRounds "9"]
[EventCountry "ESP"]
[SourceTitle "CBM 114 Extra"]
[Source "ChessBase"]
[SourceDate "2006.11.03"]
[SourceVersion "1"]
[SourceVersionDate "2006.11.03"]
[SourceQuality "1"]

1. e4 c5 2. Nf3 g6 3. d4 cxd4 4. Nxd4 Bg7 5. Be3 Nc6 6. Nc3 Nf6 7. Bc4 Nxe4 8. Nxe4 d5 9. Nxc6 bxc6 10. Bd3 dxe4 11. Bxe4 Bb7 12. c3 Qc7 13. 0-0 0-0 14. Qa4 a5 15. Rfe1 Rfc8 16. Rad1 Rab8 17. Ba7 Ra8 18. Bc5 Bf6 19. Bf3 e6 20. h4 Rd8 21. h5 Rd7 22. Rxd7 Qxd7 23. Rd1 Qc7 24. Bd6 Qb6 25. Qf4 Bh8 26. Be5 Rd8 27. Bxh8 Rxd1+ 28. Bxd1 Kxh8 29. Qf6+ Kg8 30. h6 Kf8 31. b3 Qb5 32. Qd8# 1-0

[Event "Moratalaz op 19th"]
[Site "Madrid"]
[Date "2006.09.20"]
[Round "3"]
[White "Roa Alonso, Santiago"]
[Black "Anton Veiga, Juan Carlos"]
[Result "1-0"]
[WhiteElo "2418"]
[BlackElo "2144"]
[PlyCount "78"]
[EventDate "2006.09.18"]
[EventType "swiss"]
[EventRounds "9"]
[EventCountry "ESP"]
[SourceTitle "CBM 114 Extra"]
[Source "ChessBase"]
[SourceDate "2006.11.03"]
[SourceVersion "1"]
[SourceVersionDate "2006.11.03"]
[SourceQuality "1"]

1. e4 c5 2. Nf3 e6 3. d4 cxd4 4. Nxd4 Nc6 5. Nc3 a6 6. Be3 Nge7 7. Be2 Nxd4 8. Bxd4 Nc6 9. Be3 Qc7 10. 0-0 Be7 11. f4 b5 12. a4 b4 13. Nb1 Bb7 14. Nd2 Na5 15. Bd3 Bc5 16. Qe2 Rc8 17. Kh1 Bxe3 18. Qxe3 0-0 19. Qh3 f6 20. Rae1 Qc5 21. Re3 Qd4 22. b3 Rc3 23. Rg3 Rf7 24. Qh5 Qc5 25. f5 e5 26. Qd1 Qf8 27. Qe2 Qa8 28. Nc4 Nxc4 29. Bxc4 Rxc4 30. Qxc4 Bxe4 31. Qxb4 Bxc2 32. Qd6 Be4 33. Rc1 h6 34. h3 Bxf5 35. b4 Be6 36. b5 axb5 37. axb5 Rf8 38. b6 Rb8 39. Qe7 Bf7 1-0

[Event "ESP-ch op 68th"]
[Site "Burgos"]
[Date "2003.10.28"]
[Round "5"]
[White "San Emeterio Cabanes, Jose Luis"]
[Black "Anton Veiga, Juan Carlos"]
[Result "1-0"]
[WhiteElo "2342"]
[BlackElo "2171"]
[PlyCount "36"]
[EventDate "2003.10.24"]
[EventType "swiss"]
[EventRounds "9"]
[EventCountry "ESP"]
[SourceTitle "EXT 2004"]
[Source "ChessBase"]
[SourceDate "2003.11.25"]
[SourceVersion "1"]
[SourceVersionDate "2003.11.25"]
[SourceQuality "1"]

1. b3 e5 2. Bb2 Nc6 3. e3 d5 4. Bb5 Bd6 5. f4 Qh4+ 6. g3 Qe7 7. Nf3 f6 8. Nc3 Be6 9. 0-0 exf4 10. exf4 0-0-0 11. Bxc6 bxc6 12. Re1 Qf7 13. Qe2 Bg4 14. Qa6+ Kb8 15. Nd4 Bc5 16. Na4 Bc8 17. Qa5 Bb6 18. Nxb6 cxb6 1-0

[Event "ESP-ch op 68th"]
[Site "Burgos"]
[Date "2003.10.25"]
[Round "2"]
[White "Anton Veiga, Juan Carlos"]
[Black "Gonzalez de la Torre, Santiago"]
[Result "1/2-1/2"]
[WhiteElo "2171"]
[BlackElo "2365"]
[PlyCount "93"]
[EventDate "2003.10.24"]
[EventType "swiss"]
[EventRounds "9"]
[EventCountry "ESP"]
[SourceTitle "EXT 2004"]
[Source "ChessBase"]
[SourceDate "2003.11.25"]
[SourceVersion "1"]
[SourceVersionDate "2003.11.25"]
[SourceQuality "1"]

1. e4 c5 2. Nf3 Nc6 3. d4 cxd4 4. Nxd4 g6 5. Be3 Nf6 6. Nc3 Bg7 7. Bc4 Qa5 8. Nxc6 bxc6 9. 0-0 0-0 10. a3 d6 11. f3 Nd7 12. Qd2 Ne5 13. Be2 Be6 14. Rfd1 Rfb8 15. b4 Qc7 16. Rab1 Nc4 17. Bxc4 Bxc4 18. Bd4 e5 19. Be3 Rd8 20. Qf2 f5 21. Bg5 Rd7 22. Qh4 f4 23. Qe1 d5 24. Bh4 Qb6+ 25. Kh1 Qa6 26. Ra1 d4 27. Rd2 Rb7 28. Nd1 Rxb4 29. Rxd4 exd4 30. Qxb4 Qb5 31. Qd2 d3 32. c3 g5 33. Bf2 Rd8 34. Be1 Bb3 35. Nf2 c5 36. g3 fxg3 37. Qxg5 g2+ 38. Kxg2 Rd6 39. Ng4 d2 40. Bxd2 Qe2+ 41. Kg3 Rxd2 42. Rb1 Rd3 43. Qf5 Bxc3 44. Nh6+ Kg7 45. Qg5+ Kf8 46. Qxc5+ Kg7 47. Qg5+ 1/2-1/2